000 00749nam a2200205Ii 4500
003 JO-AjNU
008 230605s9999||||xx |||||||||||||| ||und||
017 _a2012/6/1972
040 _aJO-AjNU
_bara
_erda
_cJO-AjNU
041 _aara
050 1 4 _aPJ7846.A655.A98 2012
100 3 _aملص، سحر,
_eauthor
_961128
245 0 0 _aالعين الزجاجية
264 3 1 _aعمان: وزارة الثقافه، 2012
300 _a159ص
_bمكتبة الاسرة، مهرجان القراءة للجميع/ الاردن-عمان-وزارة الثقافة
336 _atext
_btxt
_2rdacontent
337 _aunmediated
_bn
_2rdamedia
338 _avolume
_bnc
_2rdacarrier
650 4 _aالقصة القصيرة - الأردن- القرن21
_961129
999 _aA27611
_c31179
_d31179